Google Logos - Statistics

General Stats
  • This quiz has been taken 56 times
  • The average score is 18 of 28
Answer Stats
Picture Answer % Correct
Chrome
98%
Google
98%
YouTube
98%
Maps
94%
Gmail
92%
Drive
90%
Play
88%
Translate
88%
Gemini
77%
Calendar
75%
Cloud
75%
Photos
75%
Docs
73%
Classroom
71%
Meet
69%
Sheets
60%
Travel
60%
Earth
58%
Slides
58%
Chat
54%
Google One
46%
Forms
40%
Password Manager
40%
News
33%
Shopping
29%
Keep
23%
Ads
15%
Finance
10%
No matching quizzes found
Score Distribution
Percent of People with Each Score
Percentile by Number Answered
Your Score History
You have not taken this quiz